|
|
|
|
| LEADER |
02195nam a22003973i 4500 |
| 001 |
EBC6637705 |
| 003 |
MiAaPQ |
| 005 |
20231204023217.0 |
| 006 |
m o d | |
| 007 |
cr cnu|||||||| |
| 008 |
231204s2020 xx o ||||0 eng d |
| 020 |
|
|
|a 9783110650464
|q (electronic bk.)
|
| 035 |
|
|
|a (MiAaPQ)EBC6637705
|
| 035 |
|
|
|a (Au-PeEL)EBL6637705
|
| 035 |
|
|
|a (OCoLC)1153475118
|
| 040 |
|
|
|a MiAaPQ
|b eng
|e rda
|e pn
|c MiAaPQ
|d MiAaPQ
|
| 082 |
0 |
|
|a 128
|
| 100 |
1 |
|
|a Jaster, Romy.
|
| 245 |
1 |
0 |
|a Agents' Abilities.
|
| 250 |
|
|
|a 1st ed.
|
| 264 |
|
1 |
|a Berlin/Boston :
|b Walter de Gruyter GmbH,
|c 2020.
|
| 264 |
|
4 |
|c ©2020.
|
| 300 |
|
|
|a 1 online resource (248 pages)
|
| 336 |
|
|
|a text
|b txt
|2 rdacontent
|
| 337 |
|
|
|a computer
|b c
|2 rdamedia
|
| 338 |
|
|
|a online resource
|b cr
|2 rdacarrier
|
| 490 |
1 |
|
|a Philosophical Analysis Series ;
|v v.83
|
| 505 |
0 |
|
|a Intro -- Acknowledgements -- Contents -- Introduction -- 1 Methodology -- 2 The simple conditional analysis -- 3 Possibilism -- 4 The success view I - Agentive abilities -- 5 The success view II - Non‐agentive abilities -- 6 The success view situated -- 7 The success view applied - Two rough sketches -- Resumé and an open question -- References -- Index of Names -- Index of subjects.
|
| 520 |
|
|
|a The series offers a publication forum for innovative works on all topics of analytic philosophy. The focus is on the disciplines of theoretical philosophy: metaphysics, ontology, epistemology, philosophy of language, logic. Furthermore, works that additionally include contributions to the history of philosophy are also welcome.
|
| 588 |
|
|
|a Description based on publisher supplied metadata and other sources.
|
| 590 |
|
|
|a Electronic reproduction. Ann Arbor, Michigan : ProQuest Ebook Central, 2023. Available via World Wide Web. Access may be limited to ProQuest Ebook Central affiliated libraries.
|
| 655 |
|
4 |
|a Electronic books.
|
| 776 |
0 |
8 |
|i Print version:
|a Jaster, Romy
|t Agents' Abilities
|d Berlin/Boston : Walter de Gruyter GmbH,c2020
|
| 797 |
2 |
|
|a ProQuest (Firm)
|
| 830 |
|
0 |
|a Philosophical Analysis Series
|
| 856 |
4 |
0 |
|u https://ebookcentral.proquest.com/lib/matrademy/detail.action?docID=6637705
|z Click to View
|